000 00261nam a2200097Ia 4500
001 645942
005 20250826153633.0
008 250824s9999 xx 000 0 und d
245 0 _aKOÇYİĞİT SEYİT BATTAL GAZİ
_cAHMET YILMAZ BOYUNAĞA
260 _bGENÇ TİMAŞ
999 _c645942
_d645942